Statistics for Electronics

Click here to take the quiz!

General Stats

  • This quiz has been taken 465 times
  • The average score is 7 of 12

Answer Stats

HintAnswer% Correct
limits the flow of electronic currentresistor
92%
builds up a charge, dischargescapacitor
86%
restricts current flow to one directiondiode
80%
resistance measurementohms
67%
can be used as an amplifier, switch or detectortransistor
67%
voltage measurementVolts
65%
current measurementAmperes
50%
resists changes in electrical currentinductor
48%
capacitance measurementFarads
46%
increases or decreases voltagetransformer
44%
logarithmic measurement of voltage, power or currentdB
26%
circuit that acts as an electrical resonatorLC circuit
13%

Score Distribution

Percentile by Number Answered

Percent of People with Each Score

Your Score History

You have not taken this quiz